Podpalte Československo! Akce Benjamin

Enregistré dans:
Détails bibliographiques
Auteur principal: Šolc, Jiří
Format: Livre
Langue:tchèque
Publié: Praha Merkur 1991
Édition:1. vyd.
Collection:Muži pro zvláštní úkoly
Sujets:
Tags: Ajouter un tag
Pas de tags, Soyez le premier à ajouter un tag!

MARC

LEADER 00000nam a2200000 4500
001 c004237
005 20221206114844.6
020 |a 80-7032-373-6 
041 0 |a cze 
044 |a CZ 
245 1 0 |a Podpalte Československo!  |b Akce Benjamin  |c Jiří Šolc 
250 |a 1. vyd. 
264 1 |a Praha  |b Merkur  |c 1991 
300 |a 76 s. 
490 1 |a Muži pro zvláštní úkoly 
830 0 |a Muži pro zvláštní úkoly 
610 2 0 |a história 
610 2 0 |a ČSR 
610 2 0 |a 1939-1945 
610 2 0 |a hnutie národnooslobodzovacie 
100 1 |a Šolc, Jiří